000 00256pam a2200121 a 4500
020 _c
041 _aeng
100 _aZweng.
245 _aJosephh Fouche
_hTextual Documents
260 _a[s.l]:
_bThe British Publishing
300 _a224p.
930 _a15276
999 _c92176
_d92176